[Event "95th Caplin Hastings Congress"]
[Site "Hastings"]
[Date "2020.01.02"]
[Round "6.50"]
[White "Varney, Zoe"]
[Black "Kumar, Sanjit S"]
[Result "1-0"]
[WhiteElo "2004"]
[BlackElo "1501"]
[Annotator "NA"]
[PlyCount "73"]
[EventDate "2019.12.28"]
[EventType "swiss"]
[EventCountry "ENG"]
[SourceTitle "playchess.com"]
[Source "ChessBase"]
[SourceQuality "1"]
[TimeControl "40/6600+30:3000+30"]

1. e4 {[%emt 0:09:31]} e5 {[%emt 0:09:37]} 2. Nf3 {[%emt 0:00:09]} Nc6 {[%emt 0:00:08]} 3. Bc4 {[%emt 0:00:07]} Nf6 {[%emt 0:00:11]} 4. Ng5 {[%emt 0:00:16]} d5 {[%emt 0:00:09]} 5. exd5 {[%emt 0:00:08]} Na5 {[%emt 0:00:08]} 6. Bb5+ {[%emt 0:00:04]} c6 {[%emt 0:00:10]} 7. dxc6 {[%emt 0:00:05]} bxc6 {[%emt 0:00:09]} 8. Bd3 {[%emt 0:00:06]} Nd5 {[%emt 0:00:46]} 9. Nf3 {[%emt 0:00:11]} Bd6 {[%emt 0:00:14]} 10. O-O {[%emt 0:01:50]} Nf4 {[%emt 0:02:24]} 11. Re1 {[%emt 0:03:02]} Bg4 {[%emt 0:11:18]} 12. h3 {[%emt 0:20:42]} Bh5 {[%emt 0:06:38]} 13. Bf1 {[%emt 0:01:43]} Qf6 {[%emt 0:14:18]} 14. g4 {[%emt 0:05:30]} Bg6 {[%emt 0:00:50]} 15. d4 {[%emt 0:10:11]} O-O {[%emt 0:10:39]} 16. dxe5 {[%emt 0:03:30]} Qe7 {[%emt 0:06:11]} 17. Qxd6 {[%emt 0:06:24]} Qxd6 {[%emt 0:00:13]} 18. exd6 {[%emt 0:00:03]} Nd5 {[%emt 0:00:06]} 19. Bd2 {[%emt 0:01:46]} Nb7 {[%emt 0:00:12]} 20. c4 {[%emt 0:00:47]} Nf6 {[%emt 0:00:19]} 21. Ne5 {[%emt 0:02:58]} Rac8 {[%emt 0:01:46]} 22. g5 {[%emt 0:03:01]} Ne4 {[%emt 0:01:13]} 23. Nxg6 {[%emt 0:00:17]} Nxd2 {[%emt 0:00:05]} 24. Ne7+ {[%emt 0:00:43]} Kh8 {[%emt 0:00:05]} 25. Nxd2 {[%emt 0:00:05]} Rcd8 {[%emt 0:00:14]} 26. Ne4 {[%emt 0:00:54]} c5 {[%emt 0:00:40]} 27. Rad1 {[%emt 0:00:28]} Rd7 {[%emt 0:00:35]} 28. Nc6 {[%emt 0:01:06]} a6 {[%emt 0:00:51]} 29. h4 {[%emt 0:01:03]} Rc8 {[%emt 0:00:43]} 30. Bh3 {[%emt 0:00:40]} Rcd8 {[%emt 0:00:24]} 31. Bxd7 {[%emt 0:00:13]} Rxd7 {[%emt 0:00:06]} 32. Nxc5 {[%emt 0:00:05]} g6 {[%emt 0:00:22]} 33. Nxd7 {[%emt 0:00:11]} Kg7 {[%emt 0:00:20]} 34. Nf6 {[%emt 0:00:08]} h6 {[%emt 0:00:24]} 35. Re8 {[%emt 0:00:07]} hxg5 {[%emt 0:00:06]} 36. hxg5 {[%emt 0:00:04]} Nc5 {[%emt 0:00:31]} 37. Rg8# {[%emt 0:00:06]} 1-0

[Event "95th Caplin Hastings Congress"]
[Site "Hastings"]
[Date "2020.01.02"]
[Round "6.51"]
[White "Brouwer, Willem"]
[Black "Ortiz Sanchez, Luis"]
[Result "1/2-1/2"]
[WhiteElo "1662"]
[BlackElo "1947"]
[Annotator "NA"]
[PlyCount "95"]
[EventDate "2019.12.28"]
[EventType "swiss"]
[EventCountry "ENG"]
[SourceTitle "playchess.com"]
[Source "ChessBase"]
[SourceQuality "1"]
[TimeControl "40/6600+30:3000+30"]

1. Nf3 {[%emt 0:10:12]} f5 {[%emt 0:09:45]} 2. c4 {[%emt 0:00:20]} Nf6 {[%emt 0:00:08]} 3. g3 {[%emt 0:00:29]} g6 {[%emt 0:00:11]} 4. b3 {[%emt 0:00:19]} Bg7 {[%emt 0:00:20]} 5. Bb2 {[%emt 0:00:11]} d6 {[%emt 0:00:38]} 6. d4 {[%emt 0:02:47]} O-O {[%emt 0:00:57]} 7. Bg2 {[%emt 0:00:33]} c6 {[%emt 0:00:43]} 8. O-O {[%emt 0:05:03]} Qc7 {[%emt 0:05:15]} 9. Nbd2 {[%emt 0:05:44]} e6 {[%emt 0:24:55]} 10. Re1 {[%emt 0:16:42]} Ne4 {[%emt 0:01:05]} 11. Nxe4 {[%emt 0:20:52]} fxe4 {[%emt 0:00:05]} 12. Nd2 {[%emt 0:01:28]} d5 {[%emt 0:01:23]} 13. f4 {[%emt 0:00:57]} Nd7 {[%emt 0:06:24]} 14. Qc2 {[%emt 0:04:22]} Nf6 {[%emt 0:01:14]} 15. Nf1 {[%emt 0:00:55]} Qf7 {[%emt 0:01:09]} 16. e3 {[%emt 0:01:12]} Bd7 {[%emt 0:01:34]} 17. Ba3 {[%emt 0:02:35]} Rfc8 {[%emt 0:00:28]} 18. Rac1 {[%emt 0:01:55]} h6 {[%emt 0:03:40]} 19. Qe2 {[%emt 0:08:41]} Kh8 {[%emt 0:02:45]} 20. Kh1 {[%emt 0:03:34]} Nh7 {[%emt 0:02:08]} 21. h3 {[%emt 0:05:33]} Rg8 {[%emt 0:02:13]} 22. Nh2 {[%emt 0:00:29]} Nf6 {[%emt 0:01:05]} 23. Ng4 {[%emt 0:00:31]} Nxg4 {[%emt 0:00:08]} 24. hxg4 {[%emt 0:01:19]} Bf8 {[%emt 0:01:23]} 25. Bxf8 {[%emt 0:02:03]} Raxf8 {[%emt 0:00:07]} 26. Rf1 {[%emt 0:01:03]} Qh7 {[%emt 0:00:19]} 27. Bh3 {[%emt 0:02:38]} Rf7 {[%emt 0:01:48]} 28. Rf2 {[%emt 0:00:32]} Rgf8 {[%emt 0:00:13]} 29. Rcf1 {[%emt 0:01:19]} Rf6 {[%emt 0:02:03]} 30. g5 {[%emt 0:08:43]} R6f7 {[%emt 0:02:39]} 31. gxh6 {[%emt 0:00:54]} Qxh6 {[%emt 0:00:26]} 32. Rh2 {[%emt 0:00:32]} Rh7 {[%emt 0:00:44]} 33. Bg4 {[%emt 0:06:03]} Qg7 {[%emt 0:03:38]} 34. Rff2 {[%emt 0:02:17]} Kg8 {[%emt 0:02:12]} 35. Rxh7 {[%emt 0:00:51]} Qxh7+ {[%emt 0:00:04]} 36. Rh2 {[%emt 0:00:12]} Qg7 {[%emt 0:00:05]} 37. Rh3 {[%emt 0:02:25]} Rc8 {[%emt 0:02:19]} 38. c5 {[%emt 0:00:20]} Rf8 {[%emt 0:02:06]} 39. Qh2 {[%emt 0:00:32]} Rf7 {[%emt 0:02:25]} 40. Rh6 {[%emt 0:00:18]} Qxh6 {[%emt 0:00:15]} 41. Qxh6 {[%emt 0:50:08]} Rh7 {[%emt 0:50:03]} 42. Qxh7+ {[%emt 0:00:29]} Kxh7 {[%emt 0:00:04]} 43. Kh2 {[%emt 0:00:16]} Kg7 {[%emt 0:02:40]} 44. Kh3 {[%emt 0:00:00]} Kf7 {[%emt 0:00:00]} 45. Kh4 {[%emt 0:00:00]} Kf6 {[%emt 0:00:00]} 46. Kh3 {[%emt 0:00:00]} Ke7 {[%emt 0:00:00]} 47. Kh4 {[%emt 0:00:00]} Kf6 {[%emt 0:00:00]} 48. Kh3 {[%emt 0:00:00]} 1/2-1/2

[Event "95th Caplin Hastings Congress"]
[Site "Hastings"]
[Date "2020.01.02"]
[Round "6.52"]
[White "Khoo-Thwe, Louis"]
[Black "Flynn, David"]
[Result "1/2-1/2"]
[WhiteElo "1690"]
[BlackElo "1853"]
[Annotator "NA"]
[PlyCount "88"]
[EventDate "2019.12.28"]
[EventType "swiss"]
[EventCountry "ENG"]
[SourceTitle "playchess.com"]
[Source "ChessBase"]
[SourceQuality "1"]
[TimeControl "40/6600+30:3000+30"]

1. e4 {[%emt 0:09:32]} e6 {[%emt 0:15:39]} 2. d4 {[%emt 0:00:08]} d5 {[%emt 0:00:10]} 3. Nd2 {[%emt 0:00:06]} Nf6 {[%emt 0:00:28]} 4. e5 {[%emt 0:00:07]} Nfd7 {[%emt 0:00:05]} 5. Bd3 {[%emt 0:00:06]} c5 {[%emt 0:00:05]} 6. c3 {[%emt 0:00:05]} Nc6 {[%emt 0:00:06]} 7. Ne2 {[%emt 0:00:14]} cxd4 {[%emt 0:00:15]} 8. cxd4 {[%emt 0:00:07]} f6 {[%emt 0:00:05]} 9. f4 {[%emt 0:00:34]} f5 {[%emt 0:21:38]} 10. Nf3 {[%emt 0:01:56]} Qb6 {[%emt 0:02:24]} 11. a3 {[%emt 0:01:17]} a5 {[%emt 0:02:19]} 12. Qc2 {[%emt 0:04:21]} Ndb8 {[%emt 0:07:21]} 13. Nc3 {[%emt 0:06:46]} Be7 {[%emt 0:23:41]} 14. Na4 {[%emt 0:02:52]} Qd8 {[%emt 0:00:31]} 15. Qb3 {[%emt 0:02:00]} Nd7 {[%emt 0:00:36]} 16. Be3 {[%emt 0:02:32]} O-O {[%emt 0:02:38]} 17. Rc1 {[%emt 0:01:24]} Rb8 {[%emt 0:08:01]} 18. O-O {[%emt 0:05:42]} Na7 {[%emt 0:00:45]} 19. Bb5 {[%emt 0:01:12]} Nb6 {[%emt 0:01:25]} 20. Nc5 {[%emt 0:03:02]} Nxb5 {[%emt 0:03:06]} 21. Qxb5 {[%emt 0:00:09]} Nc4 {[%emt 0:00:50]} 22. Rxc4 {[%emt 0:04:00]} dxc4 {[%emt 0:00:35]} 23. Qxc4 {[%emt 0:00:05]} Bxc5 {[%emt 0:05:55]} 24. dxc5 {[%emt 0:00:17]} h6 {[%emt 0:02:39]} 25. Nd4 {[%emt 0:00:21]} Qe7 {[%emt 0:04:07]} 26. Nb5 {[%emt 0:01:51]} Bd7 {[%emt 0:00:59]} 27. Nd6 {[%emt 0:00:37]} Bc6 {[%emt 0:00:12]} 28. Rd1 {[%emt 0:00:55]} Bd5 {[%emt 0:01:51]} 29. Rxd5 {[%emt 0:01:05]} exd5 {[%emt 0:00:09]} 30. Qxd5+ {[%emt 0:00:05]} Kh7 {[%emt 0:00:42]} 31. g3 {[%emt 0:08:36]} g5 {[%emt 0:04:06]} 32. Kf2 {[%emt 0:05:06]} gxf4 {[%emt 0:00:19]} 33. Bxf4 {[%emt 0:00:06]} Qg7 {[%emt 0:02:12]} 34. h3 {[%emt 0:02:16]} h5 {[%emt 0:00:22]} 35. h4 {[%emt 0:01:25]} Qg4 {[%emt 0:02:24]} 36. Qe6 {[%emt 0:01:34]} Qd1 {[%emt 0:05:11]} 37. Qh6+ {[%emt 0:00:10]} Kg8 {[%emt 0:00:05]} 38. Qg6+ {[%emt 0:00:06]} Kh8 {[%emt 0:00:08]} 39. Qh6+ {[%emt 0:06:05]} Kg8 {[%emt 0:00:04]} 40. Qg6+ {[%emt 0:00:10]} Kh8 {[%emt 0:00:08]} 41. Bh6 {[%emt 0:00:03]} Qc2+ {[%emt 0:00:07]} 42. Kg1 {[%emt 0:00:02]} Qd1+ {[%emt 0:00:02]} 43. Kh2 {[%emt 0:00:03]} Qe2+ 44. Kh3 {[%emt 0:51:52]} Qf1+ {[%emt 0:53:32]} 1/2-1/2

[Event "95th Caplin Hastings Congress"]
[Site "Hastings"]
[Date "2020.01.02"]
[Round "6.53"]
[White "Gisbert Mir, Alejandro"]
[Black "Zheng, Jerry Z"]
[Result "1/2-1/2"]
[WhiteElo "1835"]
[BlackElo "1565"]
[Annotator "NA"]
[PlyCount "63"]
[EventDate "2019.12.28"]
[EventType "swiss"]
[EventCountry "ENG"]
[SourceTitle "playchess.com"]
[Source "ChessBase"]
[SourceQuality "1"]
[TimeControl "40/6600+30:3000+30"]

1. c4 {[%emt 0:09:48]} e5 {[%emt 0:09:42]} 2. Nc3 {[%emt 0:00:08]} Nf6 {[%emt 0:00:10]} 3. Nf3 {[%emt 0:01:44]} Nc6 {[%emt 0:00:49]} 4. d3 {[%emt 0:00:08]} d5 {[%emt 0:00:14]} 5. cxd5 {[%emt 0:00:14]} Nxd5 {[%emt 0:00:14]} 6. g3 {[%emt 0:00:12]} Be7 {[%emt 0:00:32]} 7. Bg2 {[%emt 0:00:06]} Nb6 {[%emt 0:00:16]} 8. O-O {[%emt 0:00:10]} Be6 {[%emt 0:00:21]} 9. Be3 {[%emt 0:01:45]} O-O {[%emt 0:02:08]} 10. a3 {[%emt 0:00:31]} f5 {[%emt 0:10:37]} 11. Qd2 {[%emt 0:05:12]} h6 {[%emt 0:17:17]} 12. h4 {[%emt 0:07:33]} Bf6 {[%emt 0:01:48]} 13. Rac1 {[%emt 0:10:47]} Nd4 {[%emt 0:12:48]} 14. Bxd4 {[%emt 0:01:49]} exd4 {[%emt 0:00:10]} 15. Nd1 {[%emt 0:02:12]} Qe7 {[%emt 0:03:24]} 16. e4 {[%emt 0:04:05]} dxe3 {[%emt 0:04:35]} 17. Qxe3 {[%emt 0:05:48]} c6 {[%emt 0:02:06]} 18. Re1 {[%emt 0:00:58]} Rfe8 {[%emt 0:01:11]} 19. Nc3 {[%emt 0:04:40]} Rad8 {[%emt 0:04:53]} 20. Rcd1 {[%emt 0:01:56]} Qd7 {[%emt 0:05:00]} 21. Qc5 {[%emt 0:05:52]} Bb3 {[%emt 0:06:22]} 22. Rxe8+ {[%emt 0:03:33]} Rxe8 {[%emt 0:00:19]} 23. Re1 {[%emt 0:00:14]} Rxe1+ {[%emt 0:08:11]} 24. Nxe1 {[%emt 0:00:02]} Nd5 {[%emt 0:03:15]} 25. Bxd5+ {[%emt 0:06:23]} Bxd5 {[%emt 0:00:12]} 26. Nxd5 {[%emt 0:01:35]} Qxd5 {[%emt 0:00:53]} 27. Qxa7 {[%emt 0:01:49]} Qe5 {[%emt 0:02:08]} 28. Nf3 {[%emt 0:07:28]} Qxb2 {[%emt 0:01:46]} 29. Kg2 {[%emt 0:04:41]} Qb5 {[%emt 0:09:28]} 30. Qe3 {[%emt 0:02:19]} Qa5 {[%emt 0:02:01]} 31. Qe8+ {[%emt 0:20:58]} Kh7 {[%emt 0:00:16]} 32. Ng5+ {[%emt 0:02:38]} 1/2-1/2

[Event "95th Caplin Hastings Congress"]
[Site "Hastings"]
[Date "2020.01.02"]
[Round "6.54"]
[White "Butt, Laurence"]
[Black "Ratnesan, Radha"]
[Result "1-0"]
[WhiteElo "1694"]
[BlackElo "1477"]
[Annotator "NA"]
[PlyCount "107"]
[EventDate "2019.12.28"]
[EventType "swiss"]
[EventCountry "ENG"]
[SourceTitle "playchess.com"]
[Source "ChessBase"]
[SourceQuality "1"]
[TimeControl "40/6600+30:3000+30"]

1. d4 {[%emt 0:10:00]} Nf6 {[%emt 0:16:36]} 2. Bg5 {[%emt 0:01:12]} e6 {[%emt 0:01:33]} 3. e4 {[%emt 0:00:24]} h6 {[%emt 0:01:11]} 4. Bxf6 {[%emt 0:00:15]} Qxf6 {[%emt 0:01:19]} 5. e5 {[%emt 0:00:37]} Qd8 {[%emt 0:01:23]} 6. Nf3 {[%emt 0:00:40]} d5 {[%emt 0:00:29]} 7. Bd3 {[%emt 0:03:12]} c5 {[%emt 0:00:26]} 8. dxc5 {[%emt 0:02:08]} Bxc5 {[%emt 0:00:43]} 9. O-O {[%emt 0:00:12]} Nc6 {[%emt 0:01:53]} 10. Nbd2 {[%emt 0:02:00]} O-O {[%emt 0:02:41]} 11. Nb3 {[%emt 0:00:50]} Bb6 {[%emt 0:02:13]} 12. c3 {[%emt 0:00:28]} Bd7 {[%emt 0:03:26]} 13. Bc2 {[%emt 0:00:12]} f5 {[%emt 0:12:48]} 14. exf6 {[%emt 0:01:37]} Rxf6 {[%emt 0:01:31]} 15. Qd3 {[%emt 0:00:31]} Rc8 {[%emt 0:15:49]} 16. Rae1 {[%emt 0:04:31]} Qe7 {[%emt 0:17:18]} 17. a4 {[%emt 0:04:58]} a5 {[%emt 0:04:55]} 18. Nbd4 {[%emt 0:13:47]} Bc7 {[%emt 0:10:57]} 19. Qh7+ {[%emt 0:02:31]} Kf7 {[%emt 0:00:59]} 20. Nf5 {[%emt 0:08:01]} Qf8 {[%emt 0:04:40]} 21. N5h4 {[%emt 0:00:10]} Qg8 {[%emt 0:04:18]} 22. Qd3 {[%emt 0:01:10]} g5 {[%emt 0:01:20]} 23. Qe2 {[%emt 0:02:31]} gxh4 {[%emt 0:00:46]} 24. Nxh4 {[%emt 0:00:01]} Qg5 {[%emt 0:00:32]} 25. g3 {[%emt 0:00:09]} Rg8 {[%emt 0:00:49]} 26. Kh1 {[%emt 0:00:28]} Ne7 {[%emt 0:03:30]} 27. c4 {[%emt 0:01:31]} Qg4 {[%emt 0:00:58]} 28. Qd2 {[%emt 0:04:20]} Qxc4 {[%emt 0:00:56]} 29. f4 {[%emt 0:01:18]} Bxa4 {[%emt 0:01:57]} 30. Bd3 {[%emt 0:00:11]} Qc6 {[%emt 0:00:30]} 31. Qe2 {[%emt 0:00:31]} d4+ {[%emt 0:02:36]} 32. Nf3 {[%emt 0:00:12]} Nf5 {[%emt 0:02:14]} 33. Rc1 {[%emt 0:01:06]} Qb6 {[%emt 0:00:54]} 34. Rfe1 {[%emt 0:04:18]} Bc6 {[%emt 0:01:35]} 35. Be4 {[%emt 0:01:42]} Bxe4 {[%emt 0:00:55]} 36. Qxe4 {[%emt 0:00:02]} Rxg3 {[%emt 0:00:39]} 37. Nxd4 {[%emt 0:01:33]} Rg4 {[%emt 0:00:37]} 38. Nxe6 {[%emt 0:02:32]} Qxe6 {[%emt 0:00:22]} 39. Rxc7+ {[%emt 0:00:09]} Ne7 {[%emt 0:00:25]} 40. Rxe7+ {[%emt 0:00:09]} Qxe7 {[%emt 0:00:31]} 41. Qxe7+ {[%emt 0:50:08]} Kg6 {[%emt 0:50:06]} 42. Rg1 {[%emt 0:00:21]} Rxg1+ {[%emt 0:00:35]} 43. Kxg1 {[%emt 0:00:02]} Rxf4 {[%emt 0:00:30]} 44. Qxb7 {[%emt 0:00:17]} Rf5 {[%emt 0:00:22]} 45. Qc6+ {[%emt 0:00:41]} Kg5 {[%emt 0:00:40]} 46. Kg2 {[%emt 0:00:10]} h5 {[%emt 0:00:22]} 47. Qc7 {[%emt 0:00:50]} Kg6 {[%emt 0:00:34]} 48. h4 {[%emt 0:00:23]} Kf6 {[%emt 0:00:00]} 49. Qd6+ {[%emt 0:00:00]} Kf7 {[%emt 0:00:00]} 50. Kg3 {[%emt 0:00:00]} Kg7 {[%emt 0:00:00]} 51. Qe6 {[%emt 0:00:00]} Rf6 {[%emt 0:00:00]} 52. Qe5 {[%emt 0:00:00]} Kf7 {[%emt 0:00:00]} 53. Qxh5+ {[%emt 0:00:00]} Rg6+ {[%emt 0:00:00]} 54. Kf4 {[%emt 0:00:00]} 1-0

[Event "95th Caplin Hastings Congress"]
[Site "Hastings"]
[Date "2020.01.02"]
[Round "6.55"]
[White "Kearsley, Raymond J"]
[Black "Verma, Shlok"]
[Result "0-1"]
[WhiteElo "1624"]
[BlackElo "1691"]
[Annotator "NA"]
[PlyCount "104"]
[EventDate "2019.12.28"]
[EventType "swiss"]
[EventCountry "ENG"]
[SourceTitle "playchess.com"]
[Source "ChessBase"]
[SourceQuality "1"]
[TimeControl "40/6600+30:3000+30"]

1. e4 {[%emt 1:22:05]} e6 {[%emt 0:00:51]} 2. d4 {[%emt 0:00:09]} d5 {[%emt 0:00:03]} 3. Bd3 {[%emt 0:00:07]} Nf6 {[%emt 0:00:29]} 4. e5 {[%emt 0:01:02]} Nfd7 {[%emt 0:00:07]} 5. f4 {[%emt 0:00:10]} c5 {[%emt 0:00:07]} 6. c3 {[%emt 0:00:06]} Nc6 {[%emt 0:00:13]} 7. Nf3 {[%emt 0:01:01]} a6 {[%emt 0:00:22]} 8. O-O {[%emt 0:01:09]} g6 {[%emt 0:03:53]} 9. Na3 {[%emt 0:04:34]} b5 {[%emt 0:00:55]} 10. Nc2 {[%emt 0:02:57]} Qb6 {[%emt 0:00:59]} 11. Kh1 {[%emt 0:00:58]} Bb7 {[%emt 0:01:29]} 12. g4 {[%emt 0:00:48]} c4 {[%emt 0:03:56]} 13. Be2 {[%emt 0:00:09]} O-O-O {[%emt 0:01:05]} 14. Ng5 {[%emt 0:03:05]} Re8 {[%emt 0:03:16]} 15. Nxf7 {[%emt 0:03:26]} Rg8 {[%emt 0:00:04]} 16. Ne3 {[%emt 0:03:35]} Nd8 {[%emt 0:06:50]} 17. Nxd8 {[%emt 0:02:50]} Rxd8 {[%emt 0:00:41]} 18. Bf3 {[%emt 0:01:10]} Bh6 {[%emt 0:01:05]} 19. g5 {[%emt 0:05:18]} Bg7 {[%emt 0:01:34]} 20. Qe2 {[%emt 0:01:26]} h5 {[%emt 0:09:05]} 21. Ng2 {[%emt 0:01:40]} Bf8 {[%emt 0:02:30]} 22. Be3 {[%emt 0:00:59]} Be7 {[%emt 0:02:12]} 23. Nh4 {[%emt 0:03:36]} Nf8 {[%emt 0:01:16]} 24. b3 {[%emt 0:01:29]} Ba3 {[%emt 0:02:04]} 25. bxc4 {[%emt 0:00:43]} dxc4 {[%emt 0:00:20]} 26. d5 {[%emt 0:03:12]} Bc5 {[%emt 0:01:08]} 27. Bxc5 {[%emt 0:01:02]} Qxc5 {[%emt 0:00:06]} 28. d6 {[%emt 0:00:11]} Rd7 {[%emt 0:01:59]} 29. Be4 {[%emt 0:01:34]} a5 {[%emt 0:11:29]} 30. Nf3 {[%emt 0:00:25]} Nh7 {[%emt 0:13:46]} 31. a4 {[%emt 0:06:21]} Rf8 {[%emt 0:09:24]} 32. Nd4 {[%emt 0:00:23]} Bd5 {[%emt 0:02:08]} 33. axb5 {[%emt 0:01:00]} Rdf7 {[%emt 0:06:35]} 34. Bxd5 {[%emt 0:13:51]} Qxd5+ {[%emt 0:00:52]} 35. Qg2 {[%emt 0:00:10]} Qxg2+ {[%emt 0:05:09]} 36. Kxg2 {[%emt 0:00:25]} Rxf4 {[%emt 0:00:31]} 37. Nxe6 {[%emt 0:06:06]} Rxf1 {[%emt 0:02:21]} 38. Rxf1 {[%emt 0:00:09]} Rxf1 {[%emt 0:00:11]} 39. Kxf1 {[%emt 0:00:08]} a4 {[%emt 0:00:02]} 40. Nd4 {[%emt 0:00:55]} a3 {[%emt 0:00:12]} 41. Nc2 {[%emt 0:00:12]} a2 {[%emt 0:00:04]} 42. h4 {[%emt 0:02:39]} Nf8 {[%emt 0:00:32]} 43. Ke2 {[%emt 0:00:33]} Nd7 {[%emt 0:15:21]} 44. Ke3 {[%emt 0:01:20]} Nxe5 {[%emt 0:01:10]} 45. Ke4 {[%emt 0:00:09]} Nf7 {[%emt 0:00:44]} 46. Kd5 {[%emt 0:00:34]} Kd7 {[%emt 0:00:49]} 47. b6 {[%emt 0:06:58]} Nxd6 {[%emt 0:01:55]} 48. Ke5 {[%emt 0:00:13]} Nf5 {[%emt 0:07:53]} 49. Kf6 {[%emt 0:09:20]} Nxh4 {[%emt 0:01:34]} 50. Kf7 {[%emt 0:00:10]} Nf3 {[%emt 0:05:32]} 51. Kxg6 {[%emt 0:00:39]} h4 {[%emt 0:00:05]} 52. Kf5 {[%emt 0:00:52]} Nxg5 {[%emt 0:00:40]} 0-1

[Event "95th Caplin Hastings Congress"]
[Site "Hastings"]
[Date "2020.01.02"]
[Round "6.56"]
[White "Sandhu, Manvith"]
[Black "Dewangan, Aayush"]
[Result "1-0"]
[WhiteElo "1673"]
[BlackElo "1548"]
[Annotator "NA"]
[PlyCount "121"]
[EventDate "2019.12.28"]
[EventType "swiss"]
[EventCountry "ENG"]
[SourceTitle "playchess.com"]
[Source "ChessBase"]
[SourceQuality "1"]
[TimeControl "40/6600+30:3000+30"]

1. e4 {[%emt 1:22:04]} c5 {[%emt 0:00:09]} 2. Nf3 {[%emt 0:00:05]} d6 {[%emt 0:00:07]} 3. d4 {[%emt 0:00:04]} cxd4 {[%emt 0:00:08]} 4. Qxd4 {[%emt 0:00:06]} Nc6 {[%emt 0:01:55]} 5. Bb5 {[%emt 0:00:07]} Nf6 {[%emt 0:02:57]} 6. Nc3 {[%emt 0:00:09]} Bd7 {[%emt 0:01:05]} 7. Bxc6 {[%emt 0:00:12]} Bxc6 {[%emt 0:00:13]} 8. Bg5 {[%emt 0:00:20]} e5 {[%emt 0:01:04]} 9. Qd3 {[%emt 0:00:14]} Be7 {[%emt 0:00:22]} 10. O-O-O {[%emt 0:07:51]} Ng4 {[%emt 0:03:40]} 11. Bxe7 {[%emt 0:04:08]} Qxe7 {[%emt 0:00:08]} 12. Qd2 {[%emt 0:04:01]} Rd8 {[%emt 0:00:56]} 13. h3 {[%emt 0:01:02]} Nf6 {[%emt 0:00:09]} 14. Rhe1 {[%emt 0:00:44]} O-O {[%emt 0:00:30]} 15. Kb1 {[%emt 0:00:00]} b5 {[%emt 0:02:09]} 16. g4 {[%emt 0:02:51]} Qb7 {[%emt 0:04:08]} 17. Nd5 {[%emt 0:15:35]} Bxd5 {[%emt 0:01:57]} 18. exd5 {[%emt 0:00:10]} Rc8 {[%emt 0:04:00]} 19. Ng5 {[%emt 0:07:18]} Rc4 {[%emt 0:01:46]} 20. f3 {[%emt 0:24:00]} Rd4 {[%emt 0:01:51]} 21. Qe2 {[%emt 0:03:45]} Rxd5 {[%emt 0:03:17]} 22. Rxd5 {[%emt 0:00:51]} Nxd5 {[%emt 0:00:36]} 23. Qe4 {[%emt 0:02:15]} g6 {[%emt 0:03:13]} 24. Rd1 {[%emt 0:00:21]} h6 {[%emt 0:00:10]} 25. Nxf7 {[%emt 0:03:55]} Rxf7 {[%emt 0:00:44]} 26. Rxd5 {[%emt 0:12:07]} Kg7 {[%emt 0:00:32]} 27. Qd3 {[%emt 0:02:03]} Qb6 {[%emt 0:01:29]} 28. b3 {[%emt 0:01:42]} Rf6 {[%emt 0:02:28]} 29. Rxb5 {[%emt 0:01:27]} Qc6 {[%emt 0:02:46]} 30. Rd5 {[%emt 0:00:41]} h5 {[%emt 0:02:57]} 31. g5 {[%emt 0:03:03]} Re6 {[%emt 0:00:06]} 32. Qe4 {[%emt 0:00:53]} Qb6 {[%emt 0:00:53]} 33. h4 {[%emt 0:00:46]} Qc7 {[%emt 0:02:35]} 34. Kb2 {[%emt 0:00:22]} Re8 {[%emt 0:00:45]} 35. f4 {[%emt 0:01:33]} Re7 {[%emt 0:03:00]} 36. f5 {[%emt 0:01:00]} Rf7 {[%emt 0:00:07]} 37. f6+ {[%emt 0:00:34]} Kh7 {[%emt 0:00:15]} 38. Qd3 {[%emt 0:00:39]} Rd7 {[%emt 0:00:18]} 39. Qe4 {[%emt 0:00:29]} Rf7 {[%emt 0:00:24]} 40. a3 {[%emt 0:00:15]} Rd7 {[%emt 0:00:47]} 41. Qd3 {[%emt 0:02:39]} Qb8 {[%emt 0:01:32]} 42. Rxe5 {[%emt 0:02:56]} Qc7 {[%emt 0:03:54]} 43. Re6 {[%emt 0:02:37]} Qc5 {[%emt 0:00:33]} 44. Qe4 {[%emt 0:02:20]} d5 {[%emt 0:02:33]} 45. Qe5 {[%emt 0:02:57]} Qf8 {[%emt 0:00:43]} 46. Re7+ {[%emt 0:00:19]} Rxe7 {[%emt 0:00:17]} 47. Qxe7+ {[%emt 0:00:07]} Kg8 {[%emt 0:00:05]} 48. Qxf8+ {[%emt 0:00:08]} Kxf8 {[%emt 0:00:07]} 49. Kc3 {[%emt 0:00:13]} Kf7 {[%emt 0:00:05]} 50. Kd4 {[%emt 0:00:10]} Ke6 {[%emt 0:00:06]} 51. c4 {[%emt 0:00:09]} dxc4 {[%emt 0:00:07]} 52. bxc4 {[%emt 0:00:05]} a6 {[%emt 0:00:06]} 53. c5 {[%emt 0:00:05]} a5 {[%emt 0:00:03]} 54. c6 {[%emt 0:00:09]} a4 {[%emt 0:00:06]} 55. c7 {[%emt 0:00:08]} Kd7 {[%emt 0:00:03]} 56. f7 {[%emt 0:00:05]} Ke7 {[%emt 0:00:06]} 57. c8=Q {[%emt 0:00:11]} Kxf7 {[%emt 0:00:07]} 58. Qd7+ {[%emt 0:00:10]} Kf8 {[%emt 0:00:08]} 59. Ke5 {[%emt 0:00:07]} Kg8 {[%emt 0:00:06]} 60. Kf6 {[%emt 0:00:06]} Kh8 {[%emt 0:00:08]} 61. Qg7# {[%emt 0:00:05]} 1-0